Nuclear Power Plants in the United States - Statistics

General Stats
  • This quiz has been taken 11 times
  • The average score is 13 of 86
Answer Stats
Opened Shut Down Number of Reactors Name of Plant % Correct
1968 2019 Two, one suffered meltdown Three Mile Island
90%
1975 N/A Two Byron
40%
1975 N/A One Clinton
30%
1968 N/A Two Diablo Canyon
30%
1966 Partially Shutdown Three total, one shut down Peach Bottom
30%
1968 2013 Three San Onofre
30%
1968 N/A Two Arkansas Nuclear One
20%
1970 N/A Two Beaver Valley
20%
1975 N/A Two Braidwood
20%
1975 N/A One Callaway
20%
1974 N/A Two Comanche Peak
20%
1956 Partially Shutdown Three total, one shut down Dresden
20%
1970 2020 One Duane Arnold
20%
1985 N/A One Grand Gulf
20%
1986 N/A One Hope Creek
20%
1956 2021 Three Indian Point
20%
1973 N/A Two LaSalle County
20%
1971 N/A Two operational, one planned North Anna
20%
1967 2022 One Palisades
20%
1976 N/A Three Palo Verde
20%
1970 N/A Two Point Beach
20%
1973 N/A Two Quad Cities
20%
1977 N/A Two Salem
20%
1981 N/A Two Sequoyah
20%
1975 N/A Two South Texas
20%
1968 N/A Two Surry
20%
1973 N/A Two Susquehanna
20%
1973 N/A Two Watts Bar
20%
1957 1991 One Yankee Rowe
20%
1960 1997 One Big Rock Point
10%
Planned for 2023 Two Blue Castle Project
10%
1967 N/A Three Browns Ferry
10%
1970 N/A Two Brunswick
10%
1968 N/A Two Calvert Cliffs
10%
1974 N/A Two Catawba
10%
1972 N/A One Columbia
10%
1964 1996 One Connecticut Yankee
10%
1968 N/A One Cooper
10%
1968 2013 One Crystal River 3
10%
1970 N/A One Davis-Bease
10%
1969 N/A Two Donald C. Cook
10%
1968 N/A Two Edwin I. Hatch
10%
1964 1968 One Elk River
10%
1956 Partially Shutdown Two total, one shut down Fermi
10%
1968 2016 One Fort Calhoun
10%
1979 1989 One Fort St. Vrain
10%
1966 N/A One Ginna
10%
1963 1969 One Hallam
10%
1971 N/A One H. B. Robinson
10%
1963 1976 One Humboldt Bay
10%
1975 N/A One James A. FitzPatrick
10%
1977 N/A Two Joseph M. Farley
10%
1974 2013 One Kewaunee
10%
1969 1987 One La Crosse
10%
1974 N/A Two Limerick
10%
1968 1997 One Maine Yankee
10%
1971 N/A Two McGuire
10%
1966 Partially Shutdown Three total, one shut down Millstone
10%
1971 N/A One Monticello
10%
1965 N/A Two Nine Mile Point
10%
1967 N/A Three Oconee
10%
1964 2018 One Oyster Creek
10%
1963 1967 One Parr
10%
1987 N/A One Perry
10%
1968 2019 One Pilgrim
10%
1963 1966 One Piqua
10%
1973 N/A Two Prairie Island
10%
1975 2009 One Rancho Seco
10%
1986 N/A One River Bend
10%
1961 1972 One Saxton
10%
1990 N/A One Seabrook Station
10%
1978 N/A One Shearon Harris
10%
1954 1989 One Shippingport
10%
1972 1989 One Shoreham
10%
1954 1964 One SRE
10%
1970 N/A Two St. Lucie
10%
1970 1992 One Trojan
10%
1967 N/A Two operational, two planned Turkey Point
10%
Planned for 2029 Six UAMPS
10%
1957 1963 One Vellecitos
10%
1972 2014 One Vermont Yankee
10%
1973 N/A One Virgil C. Summer
10%
1976 N/A Two operational, two under construction Vogtie
10%
1974 N/A One Waterford
10%
1977 N/A One Wolf Creek
10%
1968 1998 Two Zion
10%
No matching quizzes found
Score Distribution
Percent of People with Each Score
Percentile by Number Answered
Your Score History
You have not taken this quiz